|
|
|
|
| LEADER |
00997nam a22002177a 4500 |
| 001 |
Donated By Akbar Ali Khan |
| 003 |
38158 |
| 008 |
220322r19841965ii a|||| |||| 00| 0 ben d |
| 999 |
|
|
|c 43841
|d 43841
|
| 040 |
|
|
|a BD-DhAAL
|
| 041 |
|
|
|a ben
|
| 082 |
|
|
|a 891.443
|
| 245 |
|
|
|a বিশ্বের শ্রেষ্ঠ গল্প
|
| 246 |
|
|
|a Biswer shrestha galpa
|
| 260 |
|
|
|a কলকাতা :
|b দেব সাহিত্য কুটীর প্রাইভেট লিমিটেড,
|c ১৯৬৫ [পুনর্মুদ্রণ ১৯৮৪].
|
| 300 |
|
|
|a ২৩৯ পৃষ্ঠা :
|b চিত্র ;
|c ২১ সে.মি.
|
| 541 |
|
|
|a Donated By Akbar Ali Khan
|e 38158
|
| 650 |
|
|
|a Short stories, Bengali.
|9 47245
|
| 852 |
|
|
|a Ayesha Abed Library
|c Akbar Ali Khan Collection
|
| 942 |
|
|
|2 ddc
|c BK
|
| 952 |
|
|
|0 0
|1 0
|2 ddc
|4 0
|6 891_443000000000000_BIS
|7 1
|9 70225
|a BRACUL
|b BRACUL
|c CS1
|d 2022-03-22
|e Donated by Akbar Ali Khan
|l 0
|o 891.443 BIS
|p 3010038158
|r 2022-03-22
|t 1
|w 2022-03-22
|y BK
|